000 00418nam a2200157Ia 4500
008 100122s9999 xx 000 0 und d
082 _b32121
_a822.9
100 _aदेशपांडे माधव का.
245 _aमकबेथ
250 _a0
260 _bनीलकंठ प्रकाशन
_c1968
300 _a61
630 _aमकबेथ
730 _aमकबेथ
942 _cBOOK
999 _c416588
_d416585